| 000 | 00752nam a2200193Ii 4500 | ||
|---|---|---|---|
| 003 | JO-AjNU | ||
| 008 | 230605s9999||||xx |||||||||||||| ||und|| | ||
| 040 |
_aJO-AjNU _bara _erda _cJO-AjNU |
||
| 041 | _aara | ||
| 050 | 1 | 4 | _aDS38.5.H3988 |
| 100 | 3 |
_aاعداد هياجنة، محمد احمد موسى, _eauthor _939160 |
|
| 245 | 0 | 0 | _aمحاضرات في تاريخ المغول والمماليك |
| 264 | 3 | 1 | _aاربد: مكتبة الحرمين والعلوم والتكنولولوجيا، د.ت |
| 300 |
_a196ص _bخرائط وصور توضيخية |
||
| 336 |
_atext _btxt _2rdacontent |
||
| 337 |
_aunmediated _bn _2rdamedia |
||
| 338 |
_avolume _bnc _2rdacarrier |
||
| 650 | 4 |
_aالمغول - تاريخ، المماليك -تاريخ _939161 |
|
| 999 |
_aA16515 _c20083 _d20083 |
||